000 00677nam a2200241 i 4500
001 849799
003 SISC
005 20160406130019.0
008 790329s1979 tnua b 000 0 eng
010 _a 78067265
020 _a0805425357
040 _aDLC
_cDLC
_dDLC
050 0 0 _aHD 31
_b.B497 1979
082 0 0 _aHS 658.4
_bBi51 1979
100 1 _aBingham, Robert E.
_914240
245 1 0 _aTraps to avoid in good administration /
_cRobert E. Bingham.
260 _aNashville :
_bBroadman Press,
_cc1979.
300 _a140 p. :
_bill. ;
_c18 cm.
650 0 _aManagement.
_9446
906 _a7
_bcbc
_corignew
_d2
_eopcn
_f19
_gy-gencatlg
942 _2lcc
_cBK
999 _c9593
_d9593